000 00284nam a22001337a 4500
008 170327b xxu||||| |||| 00| 0 eng d
020 _a2801560533582
041 _aeng
080 _a615.83
100 _a8
101 _aSHM
245 _aSPINE SECRETS
_cDEVLIN, V.J
942 _2udc
_cBK
999 _c8740
_d8740